| 000 | 01407cam a2200349 a 4500 | ||
|---|---|---|---|
| 999 |
_c331036 _d331036 |
||
| 001 | 4909098 | ||
| 003 | NUST | ||
| 005 | 20180117090030.0 | ||
| 008 | 940223s1994 enk b 001 0 eng d | ||
| 010 | _a 94065542 | ||
| 020 | _a0803989385 | ||
| 020 | _a0803989393 (pbk.) | ||
| 035 | _a(OCoLC)30511852 | ||
| 040 |
_aUk _cUk _dDLC |
||
| 042 | _alccopycat | ||
| 050 | 0 | 0 |
_aBF637.C6 _bF37 1994 |
| 082 | 0 | 0 |
_a361/.06/0683 _221 |
| 100 | 1 |
_aFeltham, Colin, _d1950- _94441 |
|
| 245 | 1 | 0 |
_aDeveloping counsellor supervision / _cColin Feltham and Windy Dryden. |
| 260 |
_aLondon ; _aThousand Oaks, Calif. : _bSage, _c1994. |
||
| 300 |
_axi, 157 p. ; _c23 cm. |
||
| 440 | 0 |
_aDeveloping counselling _94442 |
|
| 504 | _aIncludes bibliographical references (p. [149]-153) and index. | ||
| 650 | 0 |
_aCounselors _xSupervision of. _94377 |
|
| 700 | 1 |
_aDryden, Windy. _94378 |
|
| 856 | 4 | 2 |
_3Publisher description _uhttp://www.loc.gov/catdir/enhancements/fy0656/94065542-d.html |
| 856 | 4 | 1 |
_3Table of contents only _uhttp://www.loc.gov/catdir/enhancements/fy0656/94065542-t.html |
| 906 |
_a7 _bcbc _ccopycat _d3 _eopcn _f19 _gy-gencatlg |
||
| 942 |
_2ddc _cBK |
||